Statistics for Songs with Countries In The Title 2

Click here to take the quiz!

General Stats

  • This quiz has been taken 22 times
  • The average score is 5 of 13

Answer Stats

HintAnswer% Correct
Back in the __________ -BeatlesUSSR
84%
Anarchy In The ___________Sex PistolsUK
74%
_________Girl - David BowieChina
63%
From _____________With Love - Matt MonroRussia
63%
Voodoo ______________ - Jimi HendrixChile
47%
Party in the ____________ - Miley CyrusUSA
47%
Diamonds From ________________ -Kanye WestSierra Leone
37%
_______________- Manic Street PreachersAustralia
32%
Lost in _______________ - Bonnie TylerFrance
32%
_____________- Kim WildeCambodia
26%
__________________ - Typically TropicalBarbados
16%
The ___________________- Human LeagueLebanon
16%
Taste Of _______________- AerosmithIndia
11%

Score Distribution

Percentile by Number Answered

Percent of People with Each Score

Your Score History

You have not taken this quiz